000 00479nam a2200169Ia 4500
005 20250508165704.0
008 008 250505s9999 xx 000 0 eng d
037 _aTextual
040 _aFEDL
_beng
_cFEDL
041 _aeng
_2eng
084 _a574, BIO
_qFEDL
245 0 _aBiology science materials : catalog 57 1986-87
260 _aUSA
_bCarolina Biological Supply Company
_c1986
300 _a1216p.
942 _cTEXL
_h574, BIO
999 _c1396760
_d1396760